[Event "GER-chT U14"]
[Site "Regensburg"]
[Date "2014.12.28"]
[Round "3.4"]
[White "Zetto, Markus"]
[Black "Loeffner, Miguel"]
[Result "1/2-1/2"]
[WhiteElo "1081"]
[BlackElo "1211"]
[PlyCount "54"]
[EventDate "2014.12.27"]
[EventType "team-swiss"]
[EventRounds "7"]
[EventCountry "GER"]
[SourceTitle "EXT 2018"]
[Source "ChessBase"]
[SourceDate "2017.10.13"]
[SourceVersion "1"]
[SourceVersionDate "2017.10.13"]
[SourceQuality "1"]
[WhiteTeam "Spaichingen"]
[BlackTeam "Lambsheim"]
[WhiteTeamCountry "GER"]
[BlackTeamCountry "GER"]

1. e4 e5 2. Nf3 Nc6 3. Bc4 d6 4. d3 h6 5. Nc3 Nf6 6. Be3 Be7 7. Qd2 Ng4 8. h3 Nxe3 9. fxe3 Na5 10. Bd5 c6 11. Bb3 Bh4+ 12. Nxh4 Qxh4+ 13. Qf2 Qxf2+ 14. Kxf2 Nxb3 15. axb3 0-0 16. Rhf1 Be6 17. g4 f6 18. Rg1 a6 19. Ke2 d5 20. exd5 cxd5 21. d4 Rac8 22. Kd3 e4+ 23. Ke2 f5 24. Ra5 fxg4 25. hxg4 g5 26. Rg2 Rfd8 27. Rh2 Kg7 1/2-1/2